| 000 | 00677nam a22002057a 4500 | ||
|---|---|---|---|
| 999 |
_c180728 _d180728 |
||
| 005 | 20210816171521.0 | ||
| 010 | _aENG-129863 | ||
| 020 |
_c1195.00 _a978-93-84402-95-2 |
||
| 035 | _aEN-113395 | ||
| 037 | _bDBAD/PUB | ||
| 082 | _a363.70068 | ||
| 100 | _aReena Kumari | ||
| 245 |
_aEnvironmental Challenges of the 21st century: _cReena Kumari |
||
| 250 | _a2018 | ||
| 260 |
_bGyan Geeta Prakashan _c2018 _aNew Delhi |
||
| 270 |
_aF-7, Gali No.1, Panchsheel Garden Ext. Naveen Shahdara _bNew Delhi _e110032 _k09716234769 _mgyangeetaprakashan@gmail.com |
||
| 300 |
_aviii;292p. _c22cm (hbk) |
||
| 500 | _aincludes index | ||
| 942 |
_2ddc _cEN _h954.04092 _kREE |
||